Pays membres de l'UEFA - Statistiques

Statistiques générales
  • Ce quiz a été pris 214 fois
  • Le résultat moyen est 48 sur 55
Statistiques - réponses
Association Date d'adhésion % Correct
Drapeau de la France France 1954
99%
Drapeau de la Russie Russie 1954
98%
Drapeau de l'Allemagne Allemagne 1954
97%
Drapeau de l'Angleterre Angleterre 1954
97%
Drapeau de l'Espagne Espagne 1954
97%
Drapeau de la Belgique Belgique 1954
96%
Drapeau de la Suède Suède 1954
96%
Drapeau de l'Irlande Irlande 1954
96%
Drapeau de l'Italie Italie 1954
96%
Drapeau des Pays-Bas Pays-Bas 1954
96%
Drapeau de la Finlande Finlande 1954
95%
Drapeau de la Norvège Norvège 1954
95%
Drapeau du Portugal Portugal 1954
95%
Drapeau de la Suisse Suisse 1954
94%
Drapeau du Danemark Danemark 1954
94%
Drapeau du Luxembourg Luxembourg 1954
94%
Drapeau de la Croatie Croatie 1993
93%
Drapeau de l'Autriche Autriche 1954
93%
Drapeau de la Grèce Grèce 1954
92%
Drapeau de la Serbie Serbie 1954
92%
Drapeau de la Slovaquie Slovaquie 1993
92%
Drapeau d'Andorre Andorre 1996
91%
Drapeau de la Hongrie Hongrie 1954
91%
Drapeau de la Lettonie Lettonie 1992
91%
Drapeau de la Lituanie Lituanie 1992
91%
Drapeau de la Roumanie Roumanie 1954
91%
Drapeau de la Slovénie Slovénie 1994
91%
Drapeau de la Tchéquie Tchéquie 1954
91%
Drapeau de l'Écosse Écosse 1954
91%
Drapeau de l'Estonie Estonie 1992
91%
Drapeau de l'Ukraine Ukraine 1992
91%
Drapeau de la Pologne Pologne 1954
90%
Drapeau de la Biélorussie Biélorussie 1993
89%
Drapeau de l'Albanie Albanie 1954
89%
Drapeau de la Turquie Turquie 1962
87%
Drapeau de l'Islande Islande 1954
87%
Drapeau de Saint-Marin Saint-Marin 1988
87%
Drapeau du Monténégro Monténégro 2007
87%
Drapeau du pays de Galles Pays de Galles 1954
87%
Drapeau de la Bulgarie Bulgarie 1954
85%
Drapeau de Malte Malte 1960
85%
Drapeau du Kosovo Kosovo 2016
85%
Irlande du Nord 1954
85%
Drapeau de la Géorgie Géorgie 1992
84%
Drapeau de la Macédoine du Nord Macédoine du Nord 1994
84%
Drapeau du Liechtenstein Liechtenstein 1974
83%
Drapeau de Chypre Chypre 1962
82%
Drapeau de la Moldavie Moldavie 1993
79%
Drapeau de la Bosnie-Herzégovine Bosnie-Herzégovine 1998
77%
Drapeau de l'Azerbaïdjan Azerbaïdjan 1994
76%
Drapeau de l'Arménie Arménie 1992
75%
Drapeau d’Israël Israël 1994
73%
Drapeau du Kazakhstan Kazakhstan 2002
70%
Drapeau de Gibraltar Gibraltar 2013
61%
Drapeau des Îles Féroé Îles Féroé 1990
53%
Aucun quiz correspondant
Distribution des résultats
% des personnes avec chaque résultat
Percentile par nombre de réponses
Votre historique - résultats
Vous n’avez pas pris ce quiz